[Event "Al Ain Amateur op 4th"]
[Site "Al Ain"]
[Date "2015.12.26"]
[Round "4"]
[White "Khezrian, Nooralzahra"]
[Black "Amer, Mohammed Bishara"]
[Result "0-1"]
[WhiteElo "1138"]
[BlackElo "1849"]
[PlyCount "64"]
[EventDate "2015.12.23"]
[EventType "swiss"]
[EventRounds "9"]
[EventCountry "UAE"]
[SourceTitle "CBM 170 Extra"]
[Source "ChessBase"]
[SourceDate "2016.02.25"]
[SourceVersion "1"]
[SourceVersionDate "2016.02.25"]
[SourceQuality "1"]

1. e4 e5 2. Nf3 Nc6 3. Bc4 Be7 4. Nc3 Nf6 5. 0-0 0-0 6. d3 d6 7. h3 a6 8. Be3 Na5 9. Nd5 Nxd5 10. Bxd5 c6 11. Bb3 Nxb3 12. axb3 f5 13. exf5 Bxf5 14. g4 Be6 15. c4 h6 16. Re1 Qd7 17. Bb6 Bxg4 18. Re3 Bxh3 19. Nh2 Qf5 20. Rf3 Qe6 21. Kh1 c5 22. Qg1 Rxf3 23. Nxf3 Rf8 24. Nh2 Bh4 25. f3 Rf6 26. Bd8 Rg6 27. Ng4 Bxd8 28. Qh2 Bxg4 29. fxg4 Qxg4 30. Rg1 Qf3+ 31. Rg2 Bh4 32. Kg1 Qd1# 0-1

[Event "Al Ain Amateur op 4th"]
[Site "Al Ain"]
[Date "2015.12.23"]
[Round "1"]
[White "Amer, Mohammed Bishara"]
[Black "Hazza, Salah Mohammed"]
[Result "1-0"]
[WhiteElo "1849"]
[BlackElo "1314"]
[PlyCount "62"]
[EventDate "2015.12.23"]
[EventType "swiss"]
[EventRounds "9"]
[EventCountry "UAE"]
[SourceTitle "CBM 170 Extra"]
[Source "ChessBase"]
[SourceDate "2016.02.25"]
[SourceVersion "1"]
[SourceVersionDate "2016.02.25"]
[SourceQuality "1"]

1. e4 e5 2. Nf3 Nc6 3. Bc4 Nf6 4. Nc3 Nxe4 5. Bxf7+ Kxf7 6. Nxe4 d5 7. Neg5+ Kg8 8. d3 h6 9. Nh3 Bg4 10. Qd2 Bxh3 11. gxh3 e4 12. dxe4 dxe4 13. Ng1 Qf6 14. Qd5+ Qf7 15. Qxf7+ Kxf7 16. c3 Ne5 17. Ke2 Bc5 18. Be3 Bb6 19. h4 Ng4 20. Nh3 Nxe3 21. fxe3 Rad8 22. Rad1 c6 23. Rhf1+ Ke7 24. Nf2 g5 25. h5 Rhe8 26. Ng4 Rh8 27. Rxd8 Bxd8 28. Rf6 Bc7 29. h3 Be5 30. Rxh6 Bg7 31. Rxh8 Bxh8 1-0

[Event "Al Ain op 3rd"]
[Site "Al Ain"]
[Date "2014.12.22"]
[Round "5"]
[White "Amer, Mohammed Bishara"]
[Black "Berezina, Irina"]
[Result "0-1"]
[WhiteElo "1955"]
[BlackElo "2200"]
[PlyCount "60"]
[EventDate "2014.12.19"]
[EventType "swiss"]
[EventRounds "9"]
[EventCountry "UAE"]
[SourceTitle "CBM 164 Extra"]
[Source "ChessBase"]
[SourceDate "2015.03.02"]
[SourceVersion "1"]
[SourceVersionDate "2015.03.02"]
[SourceQuality "1"]

1. d4 Nf6 2. c4 g6 3. Nc3 Bg7 4. Nf3 0-0 5. g3 d6 6. Bg2 Nc6 7. 0-0 Bf5 8. Re1 Ne4 9. e3 Nxc3 10. bxc3 Be4 11. Nh4 Bxg2 12. Nxg2 Na5 13. Qd3 Qd7 14. a4 Qc6 15. c5 dxc5 16. Qb5 b6 17. Nf4 e5 18. Ne2 Rfd8 19. Qxc6 Nxc6 20. Ba3 cxd4 21. cxd4 exd4 22. Rac1 Ne5 23. Nxd4 c5 24. f4 Nd3 25. Nc6 Re8 26. Red1 Nxc1 27. Bxc1 Re6 28. Nd8 Re7 29. Rd6 Rc7 30. e4 Bf8 0-1

[Event "Al Ain op 3rd"]
[Site "Al Ain"]
[Date "2014.12.19"]
[Round "1"]
[White "Amer, Mohammed Bishara"]
[Black "Ter Sahakyan, Samvel"]
[Result "0-1"]
[WhiteElo "1955"]
[BlackElo "2580"]
[PlyCount "90"]
[EventDate "2014.12.19"]
[EventType "swiss"]
[EventRounds "9"]
[EventCountry "UAE"]
[SourceTitle "CBM 164 Extra"]
[Source "ChessBase"]
[SourceDate "2015.03.02"]
[SourceVersion "1"]
[SourceVersionDate "2015.03.02"]
[SourceQuality "1"]

1. e4 c5 2. Nf3 d6 3. d4 cxd4 4. Nxd4 Nf6 5. Nc3 a6 6. Bd3 Nc6 7. Be3 g6 8. h3 Bg7 9. Nde2 0-0 10. 0-0 b5 11. f4 Bb7 12. a3 Rc8 13. Qe1 Na5 14. Rb1 Nc4 15. Bf2 Qc7 16. Ng3 Nd7 17. Nd5 Bxd5 18. exd5 Nxb2 19. Qxe7 Nc5 20. Qe2 Ncxd3 21. cxd3 Qc2 22. Qxc2 Rxc2 23. Ne4 Nxd3 24. Bb6 Rb8 25. Ba5 Re8 26. Rbd1 Rxe4 27. Rxd3 Ree2 28. Rg3 Bf6 29. Kh1 h5 30. Re1 Rxe1+ 31. Bxe1 Rc1 32. Re3 Bh4 33. g3 Bxg3 34. Rxg3 Rxe1+ 35. Kg2 Rd1 36. Rg5 Kg7 37. f5 Kf6 38. fxg6 fxg6 39. h4 Rd3 40. Kf2 Rxa3 41. Rg1 Rd3 42. Ra1 Rxd5 43. Rxa6 Rd4 44. Kg3 Rg4+ 45. Kf3 Ke6 0-1